[Event "FLORIPA CHESS OPEN 2015"]
[Site "Florianopolis/SC"]
[Date "2015.01.18"]
[Round "10"]
[Board "20"]
[White "Goncalves, Ruan Lucas Alves"]
[Black "Paniagua Chnelik, Sebastian"]
[Result "0-1"]
[WhiteElo "1919"]
[BlackElo "2197"]
[PlyCount "68"]
[EventDate "2015.01.14"]
[EventRounds "10"]
[EventCountry "BRA"]

1. e4 e5 2. Nf3 Nc6 3. Bb5 a6 4. Ba4 Nf6 5. O-O Be7 6. Re1 b5 7. Bb3 O-O 8. a4
Bb7 9. c3 d5 10. exd5 Nxd5 11. Nxe5 Nxe5 12. Rxe5 Nf4 13. d4 Nxg2 14. Rh5 Nh4
15. Qd3 g6 16. Qg3 Nf3+ 17. Kf1 Bd6 18. Qg4 Qe7 19. Be3 Nxh2+ 20. Rxh2 Bxh2 21.
Nd2 Bc8 22. Qg2 Qh4 23. Nf3 Qh5 24. Ke1 Bb7 25. Qxh2 Bxf3 26. Qf4 Qh1+ 27. Kd2
Qxa1 28. Qxf3 Qxb2+ 29. Bc2 b4 30. Qf6 Qxc3+ 31. Kd1 b3 32. Bh6 Qxc2+ 33. Ke1
Rfe8+ 34. Kf1 Qe2+ 0-1

[Event "FLORIPA CHESS OPEN 2015"]
[Site "Florianopolis/SC"]
[Date "2015.01.18"]
[Round "10"]
[Board "21"]
[White "Madeira, Wagner Martins"]
[Black "Cadilhac, Igor Tokuichi Kikuch"]
[Result "1/2-1/2"]
[WhiteElo "2191"]
[BlackElo "2015"]
[PlyCount "38"]
[EventDate "2015.01.14"]
[EventRounds "10"]
[EventCountry "BRA"]

1. e4 c5 2. c3 Nf6 3. e5 Nd5 4. d4 cxd4 5. Nf3 e6 6. cxd4 d6 7. Nc3 Nxc3 8.
bxc3 Nc6 9. Bd3 dxe5 10. dxe5 Be7 11. O-O Qc7 12. Qe2 b6 13. Re1 Bb7 14. Bf4
Rc8 15. Nd4 Nxd4 16. cxd4 O-O 17. Qg4 Rfd8 18. Bh6 g6 19. Rad1 Qd7 1/2-1/2

[Event "FLORIPA CHESS OPEN 2015"]
[Site "Florianopolis/SC"]
[Date "2015.01.18"]
[Round "10"]
[Board "22"]
[White "Faig, Cristian"]
[Black "De Carvalho, Christopher"]
[Result "1/2-1/2"]
[WhiteElo "2176"]
[BlackElo "1965"]
[PlyCount "83"]
[EventDate "2015.01.14"]
[EventRounds "10"]
[EventCountry "BRA"]

1. e4 d6 2. d4 Nf6 3. f3 e5 4. d5 Be7 5. c4 O-O 6. Nc3 Ne8 7. Bd3 a5 8. Nge2 g6
9. h4 Bxh4+ 10. g3 Bg5 11. f4 exf4 12. Bxf4 Na6 13. Qd2 Bf6 14. O-O-O Ng7 15.
Bh6 Be5 16. Nf4 f6 17. Bxg7 Kxg7 18. Ne6+ Bxe6 19. Qh6+ Kf7 20. Qxh7+ Ke8 21.
dxe6 Qe7 22. Qxg6+ Kd8 23. Rh7 Qxe6 24. Nd5 Rc8 25. Be2 Rg8 26. Rg7 Rxg7 27.
Qxg7 f5 28. Qg5+ Kd7 29. exf5 Bxb2+ 30. Kxb2 Qxe2+ 31. Rd2 Qe5+ 32. Kc2 Qe4+
33. Kc3 Qe5+ 34. Kc2 Qe4+ 35. Kd1 Qb1+ 36. Ke2 Re8+ 37. Ne3 Qe4 38. f6 Qg2+ 39.
Kd1 Qg1+ 40. Ke2 Qg2+ 41. Ke1 Qg1+ 42. Ke2 1/2-1/2

[Event "FLORIPA CHESS OPEN 2015"]
[Site "Florianopolis/SC"]
[Date "2015.01.18"]
[Round "10"]
[Board "23"]
[White "Ikeda, Vinicius Yasuto"]
[Black "Souza, Rafael Cabral De"]
[Result "0-1"]
[WhiteElo "1862"]
[BlackElo "2173"]
[PlyCount "88"]
[EventDate "2015.01.14"]
[EventRounds "10"]
[EventCountry "BRA"]

1. Nf3 c5 2. c4 Nf6 3. Nc3 g6 4. g3 Bg7 5. Bg2 Nc6 6. O-O O-O 7. d3 a6 8. Rb1
Rb8 9. e4 d6 10. a4 Bd7 11. h3 Ne8 12. Be3 Nc7 13. d4 b6 14. Qd2 cxd4 15. Nxd4
Re8 16. Rfd1 Ne6 17. Nxe6 Bxe6 18. Nd5 Ne5 19. b3 Bxh3 20. Bd4 Bg4 21. Bxe5
Bxe5 22. f3 Bd7 23. f4 Bg7 24. Bf3 b5 25. axb5 axb5 26. Kg2 Ra8 27. Rbc1 bxc4
28. Rxc4 Ra3 29. b4 Bb5 30. Rcc1 Ba4 31. Re1 Bb3 32. Nc3 Bc4 33. Be2 Bxe2 34.
Rxe2 Rb3 35. Nd5 Qd7 36. Qa2 Rd3 37. Rc7 Qe6 38. Qa6 Rd4 39. Qb7 Kf8 40. Kf3 h5
41. f5 gxf5 42. Nf4 fxe4+ 43. Kg2 Qf5 44. b5 h4 0-1

[Event "FLORIPA CHESS OPEN 2015"]
[Site "Florianopolis/SC"]
[Date "2015.01.18"]
[Round "10"]
[Board "24"]
[White "Lopes, Marcelo Ferreira"]
[Black "Abdalla, Luiz Guilherme Aurell"]
[Result "1/2-1/2"]
[WhiteElo "2002"]
[BlackElo "2304"]
[PlyCount "202"]
[EventDate "2015.01.14"]
[EventRounds "10"]
[EventCountry "BRA"]

1. e4 c5 2. Nf3 e6 3. c4 Nc6 4. Nc3 Nf6 5. Be2 d5 6. e5 Ne4 7. cxd5 exd5 8. d4
cxd4 9. Nxd4 Bb4 10. Nxc6 bxc6 11. Qc2 Qa5 12. O-O Bxc3 13. bxc3 Qxc3 14. Qa4
O-O 15. Ba3 c5 16. Rac1 Qxe5 17. Bd3 Bf5 18. Rfe1 Qf6 19. Bxe4 dxe4 20. Bxc5
Rfd8 21. Be3 h5 22. Rc5 Rd6 23. Qb5 Bg6 24. Qb7 Rad8 25. Qxa7 Ra6 26. Qc7 Rda8
27. Qe5 Qxe5 28. Rxe5 Rxa2 29. Rc5 f6 30. Rec1 Bf7 31. h3 h4 32. Rc7 Ra1 33.
Kh2 Rxc1 34. Rxc1 Ra6 35. g3 hxg3+ 36. Kxg3 Kh7 37. Rc7 Bh5 38. Ra7 Rc6 39. Ra1
Bf3 40. Rc1 Ra6 41. Rc7 Kg6 42. Ra7 Rc6 43. Ra1 Rd6 44. Rc1 Rd8 45. Ra1 Rd5 46.
Rc1 Kh5 47. h4 Kg6 48. Bf4 Bh5 49. Be3 Rf5 50. Bf4 Be2 51. Re1 Bf3 52. Rc1 Rb5
53. Rc3 Rb2 54. Be3 Rb7 55. Rc1 Kf7 56. Ra1 Ke6 57. Kf4 Rb5 58. Ra6+ Kf7 59.
Ra7+ Kg6 60. Rc7 Rd5 61. Rc1 Kh5 62. Kg3 Kg6 63. Kf4 Rf5+ 64. Kg3 Be2 65. Bf4
Kh5 66. Rc7 g5 67. hxg5 fxg5 68. Be3 Rf3+ 69. Kg2 Kg4 70. Rc5 Rh3 71. Rxg5+ Kh4
72. Rg3 Bf3+ 73. Kf1 Rh1+ 74. Rg1 Be2+ 75. Kg2 Rh3 76. Bg5+ Kg4 77. Be3 Rh7 78.
Bd4 Bf3+ 79. Kf1+ Kf5 80. Rg7 Rh1+ 81. Rg1 Rh6 82. Rg8 Rd6 83. Rf8+ Kg6 84. Bc3
Rd1+ 85. Be1 Rb1 86. Rg8+ Kf7 87. Rg5 Ke6 88. Rg8 Bh5 89. Rg5 Bf3 90. Rg8 Ra1
91. Re8+ Kf7 92. Re5 Rb1 93. Rg5 Ke6 94. Rg8 Bh5 95. Rg5 Be8 96. Ke2 Bb5+ 97.
Kd2 Bd3 98. Rc5 Kd6 99. Rc1 Rb2+ 100. Ke3 Re2+ 101. Kd4 Bc2 1/2-1/2

[Event "FLORIPA CHESS OPEN 2015"]
[Site "Florianopolis/SC"]
[Date "2015.01.18"]
[Round "10"]
[Board "25"]
[White "Sztokbant, Bernardo Vainzoff"]
[Black "Alboredo, Julia"]
[Result "1-0"]
[WhiteElo "2278"]
[BlackElo "1995"]
[PlyCount "104"]
[EventDate "2015.01.14"]
[EventRounds "10"]
[EventCountry "BRA"]

1. e4 c5 2. Nf3 Nc6 3. d4 cxd4 4. Nxd4 Nf6 5. Nc3 e5 6. Ndb5 d6 7. Bg5 a6 8.
Na3 b5 9. Nd5 Be7 10. Bxf6 Bxf6 11. c4 Bg5 12. cxb5 Qa5+ 13. Nc3 Nd4 14. Bd3
O-O 15. O-O Kh8 16. Nc4 Qd8 17. bxa6 Bxa6 18. Nd5 f5 19. exf5 Nxf5 20. a4 e4
21. Be2 Nh4 22. Ncb6 Bxe2 23. Qxe2 Rb8 24. a5 Qe8 25. Ra3 Qg6 26. Rg3 Rbe8 27.
Qg4 Rf5 28. Rh3 Qf7 29. Ne3 Bxe3 30. Rxe3 Ng6 31. Rxe4 Rf8 32. Qg3 Rxa5 33. Nc4
d5 34. Ne5 Nxe5 35. Rxe5 Rb5 36. Re2 Rfb8 37. Qc3 h6 38. Rfe1 R5b7 39. h3 Rf8
40. Qd4 Rd7 41. b4 Qf4 42. Rd2 Qxd4 43. Rxd4 Rb8 44. Rb1 Rb5 45. Kf1 Kg8 46.
Ke2 Kf7 47. Kd3 Ke6 48. Ra1 Rf7 49. Ra6+ Ke5 50. f3 Rf4 51. Rxf4 Kxf4 52. Rg6
Rxb4 1-0

[Event "FLORIPA CHESS OPEN 2015"]
[Site "Florianopolis/SC"]
[Date "2015.01.18"]
[Round "10"]
[Board "26"]
[White "Peixoto, Helio Ricardo Soutinh"]
[Black "Cordeiro, Marco Aurelio Zaror"]
[Result "1/2-1/2"]
[WhiteElo "1948"]
[BlackElo "2238"]
[PlyCount "86"]
[EventDate "2015.01.14"]
[EventRounds "10"]
[EventCountry "BRA"]

1. e4 Nf6 2. Qe2 d6 3. Nf3 e5 4. g3 Be7 5. Bg2 O-O 6. O-O Nc6 7. d3 Ne8 8. Ne1
Bg5 9. f4 exf4 10. gxf4 Bh6 11. Nf3 Bg4 12. Qf2 f5 13. Nc3 Nf6 14. Ng5 fxe4 15.
Ngxe4 Nh5 16. Nd5 Ne7 17. Qh4 Nxd5 18. Qxg4 Ndxf4 19. Ng3 Nf6 20. Qf5 Nxg2 21.
Bxh6 Nh4 22. Qe6+ Kh8 23. Bg5 Ng6 24. Nh5 Qe7 25. Qxe7 Nxe7 26. Nxf6 h6 27. Bh4
Ng6 28. Nd5 Nxh4 29. Nxc7 Rxf1+ 30. Rxf1 Rc8 31. Rf7 Kg8 32. Re7 Nf5 33. Rd7
Ne3 34. Ne6 Rxc2 35. Rxg7+ Kh8 36. Rxb7 Rg2+ 37. Kh1 Rd2 38. h4 Rxd3 39. a4 Nf5
40. b4 Nxh4 41. Rxa7 Rd2 42. Kg1 Nf3+ 43. Kf1 Nh2+ 1/2-1/2

[Event "FLORIPA CHESS OPEN 2015"]
[Site "Florianopolis/SC"]
[Date "2015.01.18"]
[Round "10"]
[Board "27"]
[White "Assumpcao, Roberto"]
[Black "Franceschina, Dalvan"]
[Result "1-0"]
[WhiteElo "2232"]
[BlackElo "1993"]
[PlyCount "69"]
[EventDate "2015.01.14"]
[EventRounds "10"]
[EventCountry "BRA"]

1. d4 Nf6 2. c4 d5 3. cxd5 Nxd5 4. e4 Nf6 5. e5 Nd5 6. a3 e6 7. Nf3 c5 8. Bd3
cxd4 9. O-O Nc6 10. Qe2 a5 11. g3 Be7 12. Nbd2 Bd7 13. h4 h6 14. Re1 Kf8 15. h5
Be8 16. Kg2 Rc8 17. Rh1 Kg8 18. Ne4 Rb8 19. Bd2 b6 20. Rac1 Rc8 21. Rc2 Bd7 22.
Rhc1 f5 23. Nd6 Bxd6 24. exd6 Kh7 25. Ba6 Qf6 26. Bb7 Na7 27. Bxc8 Bxc8 28. Qe5
Qxe5 29. Nxe5 Bb7 30. f3 Nb5 31. d7 Nd6 32. Nc6 Nf7 33. Nxd4 Rd8 34. Nxe6 Rxd7
35. Nf8+ 1-0

[Event "FLORIPA CHESS OPEN 2015"]
[Site "Florianopolis/SC"]
[Date "2015.01.18"]
[Round "10"]
[Board "28"]
[White "Pirola, Claudionor Alcides Lim"]
[Black "Chang, Suzana"]
[Result "1-0"]
[WhiteElo "2088"]
[BlackElo "1969"]
[PlyCount "43"]
[EventDate "2015.01.14"]
[EventRounds "10"]
[EventCountry "BRA"]

1. e4 c5 2. Nf3 e6 3. d4 cxd4 4. Nxd4 a6 5. Nc3 Qc7 6. f4 Nc6 7. Nxc6 Qxc6 8.
Bd3 b5 9. Qe2 Bb7 10. Bd2 Nf6 11. e5 b4 12. exf6 bxc3 13. Bxc3 gxf6 14. O-O-O
Be7 15. Rhg1 Qa4 16. Kb1 Qxf4 17. g3 Qa4 18. Rgf1 e5 19. Bc4 Rc8 20. Bb3 Qb5
21. Qh5 d5 22. Bxe5 1-0

[Event "FLORIPA CHESS OPEN 2015"]
[Site "Florianopolis/SC"]
[Date "2015.01.18"]
[Round "10"]
[Board "29"]
[White "Hille, Waltercler"]
[Black "Pereira, Geanfrancesco"]
[Result "1-0"]
[WhiteElo "1947"]
[BlackElo "2046"]
[PlyCount "94"]
[EventDate "2015.01.14"]
[EventRounds "10"]
[EventCountry "BRA"]

1. Nf3 d6 2. d4 g6 3. g3 Bg7 4. Bg2 f5 5. O-O Nf6 6. c4 O-O 7. Nc3 c6 8. Qc2
Qc7 9. Rd1 e5 10. dxe5 dxe5 11. e4 Na6 12. Nh4 f4 13. b3 fxg3 14. hxg3 Ng4 15.
Bf3 Nb4 16. Qe2 Nh6 17. Be3 b6 18. Na4 Rxf3 19. Nxf3 Bg4 20. Qd2 Bxf3 21. Bxh6
Qc8 22. Qd7 Qxd7 23. Rxd7 Bxh6 24. Nc3 Nc2 25. Rb1 Nd4 26. c5 b5 27. Nd5 Bxe4
28. Nf6+ Kf8 29. Nxh7+ Ke8 30. Nf6+ Kf8 31. Nxe4 a5 32. Kg2 a4 33. Rh1 Bg7 34.
Ng5 Kg8 35. Rh7 Ne6 36. Nxe6 Kxh7 37. Nxg7 axb3 38. axb3 Ra3 39. Nf5+ Kh8 40.
Ne7 Rxb3 41. Nxg6+ Kg8 42. Ne7+ Kf7 43. Nxc6+ Ke6 44. Rd6+ Kf5 45. f3 Rc3 46.
Ne7+ Kg5 47. Rg6+ Kh5 1-0

[Event "FLORIPA CHESS OPEN 2015"]
[Site "Florianopolis/SC"]
[Date "2015.01.18"]
[Round "10"]
[Board "30"]
[White "Luz, Arthur Nader"]
[Black "Casarin, Luis Marcio Pinhatti"]
[Result "1-0"]
[WhiteElo "2041"]
[BlackElo "1851"]
[PlyCount "91"]
[EventDate "2015.01.14"]
[EventRounds "10"]
[EventCountry "BRA"]

1. d4 Nf6 2. c4 e6 3. Nc3 c5 4. d5 exd5 5. cxd5 d6 6. e4 g6 7. Nge2 Bg7 8. Ng3
O-O 9. Be2 a6 10. a4 Re8 11. O-O Qc7 12. Bg5 h6 13. Be3 b6 14. Qd2 Kh7 15. f4
Qe7 16. Ra3 Nbd7 17. Bf3 Ra7 18. Nh1 c4 19. a5 Rb7 20. axb6 Nxb6 21. Rxa6 Nbd7
22. Ra2 Nf8 23. Nf2 Bd7 24. Re1 Reb8 25. Bd4 Be8 26. g4 N6d7 27. Bxg7 Kxg7 28.
e5 Nc5 29. exd6 Qxd6 30. Qd4+ f6 31. g5 hxg5 32. fxg5 Nh7 33. gxf6+ Qxf6 34.
Qxc5 Qxf3 35. Ra7 Bf7 36. Rxb7 Rxb7 37. Nce4 Rd7 38. d6 Qf5 39. Qd4+ Kg8 40.
Ra1 Bd5 41. Ra5 Rxd6 42. Nxd6 Qg5+ 43. Qg4 Qc1+ 44. Nd1 Qd2 45. Qxg6+ Kh8 46.
Nf7+ 1-0

[Event "FLORIPA CHESS OPEN 2015"]
[Site "Florianopolis/SC"]
[Date "2015.01.18"]
[Round "10"]
[Board "31"]
[White "Rocha, Vitor Firmo De Souza"]
[Black "Lorenzon, Eduardo Lucas"]
[Result "1-0"]
[WhiteElo "2040"]
[BlackElo "1830"]
[PlyCount "115"]
[EventDate "2015.01.14"]
[EventRounds "10"]
[EventCountry "BRA"]

1. e4 e5 2. Nf3 Nc6 3. Bb5 Bc5 4. O-O Qf6 5. c3 Nge7 6. d3 h6 7. Be3 Bb6 8.
Nbd2 d6 9. d4 O-O 10. Nb3 Bg4 11. Be2 Rad8 12. a4 a6 13. a5 Bxf3 14. axb6 Bxe4
15. bxc7 Rc8 16. f3 Bg6 17. d5 Nf5 18. Bb6 Nce7 19. Rf2 Qg5 20. c4 Ne3 21. Qd2
N3xd5 22. cxd5 Qxd2 23. Nxd2 Nxd5 24. Nc4 Nxb6 25. Nxb6 Rxc7 26. Nd5 Rc5 27.
Ne7+ Kh7 28. Rd1 Rd8 29. Nxg6 Kxg6 30. b4 Rc7 31. Bd3+ Kf6 32. Be4 Ke7 33. Rfd2
Rdd7 34. Bd5 Rd8 35. Rb1 Rdc8 36. Kf2 f6 37. b5 Rc2 38. Ke2 Rxd2+ 39. Kxd2 Rc5
40. Bxb7 axb5 41. Ba6 d5 42. Rxb5 Rxb5 43. Bxb5 Ke6 44. Bc6 f5 45. Ke3 g5 46.
Bb7 h5 47. h3 d4+ 48. Kd3 Kf6 49. g4 fxg4 50. fxg4 Ke6 51. Ke4 Kd6 52. Ba6 Ke6
53. Bc4+ Kf6 54. Kd5 Kg6 55. Kxe5 Kh7 56. Kxd4 Kg6 57. Ke5 Kg7 58. Kf5 1-0

[Event "FLORIPA CHESS OPEN 2015"]
[Site "Florianopolis/SC"]
[Date "2015.01.18"]
[Round "10"]
[Board "34"]
[White "Carlesso, Lucas Oliveira"]
[Black "Nunes Jr, Sidney"]
[Result "0-1"]
[WhiteElo "1746"]
[BlackElo "2034"]
[PlyCount "56"]
[EventDate "2015.01.14"]
[EventRounds "10"]
[EventCountry "BRA"]

1. Nf3 d5 2. d4 e6 3. c4 Nf6 4. Bg5 c6 5. Nc3 Bb4 6. cxd5 exd5 7. Qb3 Be7 8. e3
Nbd7 9. Bd3 h6 10. Bh4 O-O 11. h3 Ne4 12. Bxe7 Qxe7 13. Qc2 Ndf6 14. Ne5 Nxc3
15. bxc3 Nd7 16. Nxd7 Bxd7 17. Rb1 b6 18. O-O Rfe8 19. c4 dxc4 20. Bxc4 Qg5 21.
Kh2 Rad8 22. Rfc1 Bf5 23. Qb3 Bxb1 24. Bxf7+ Kh8 25. Bxe8 Be4 26. g3 Bd5 27.
Qa3 Rxe8 28. Qxa7 Qf5 0-1

[Event "FLORIPA CHESS OPEN 2015"]
[Site "Florianopolis/SC"]
[Date "2015.01.18"]
[Round "10"]
[Board "35"]
[White "Sa, Edivaldo Alves De"]
[Black "Bernardes, Arthur Feliphe Stru"]
[Result "0-1"]
[WhiteElo "2026"]
[BlackElo "1694"]
[PlyCount "60"]
[EventDate "2015.01.14"]
[EventRounds "10"]
[EventCountry "BRA"]

1. d4 Nf6 2. c4 e5 3. dxe5 Ng4 4. Nf3 Bc5 5. e3 Nc6 6. a3 a5 7. Be2 Ngxe5 8.
Nbd2 O-O 9. Nxe5 Nxe5 10. Nf3 Re8 11. b3 Qf6 12. Nxe5 Qxe5 13. Rb1 Qe4 14. Bb2
d6 15. Bf3 Qh4 16. Kf1 Bf5 17. Rc1 Re7 18. Qd2 Rae8 19. Qc3 f6 20. Re1 a4 21.
b4 Ba7 22. Bxb7 Qf4 23. Bd5+ Kf8 24. Bc1 Bd4 25. exf4 Rxe1+ 26. Qxe1 Bd3+ 27.
Qe2 Rxe2 28. g3 Rxf2+ 29. Ke1 Ra2 30. c5 Bf2+ 0-1

[Event "FLORIPA CHESS OPEN 2015"]
[Site "Florianopolis/SC"]
[Date "2015.01.18"]
[Round "10"]
[Board "36"]
[White "Albuquerque Junior, Wellington"]
[Black "Franca, Willian Bento"]
[Result "1-0"]
[WhiteElo "2109"]
[BlackElo "2008"]
[PlyCount "55"]
[EventDate "2015.01.14"]
[EventRounds "10"]
[EventCountry "BRA"]

1. c4 Nf6 2. g3 g6 3. Bg2 Bg7 4. Nc3 O-O 5. e4 d6 6. Nge2 c5 7. O-O Nc6 8. d3
a6 9. h3 Rb8 10. a4 Bd7 11. Kh2 Ne8 12. Be3 Nc7 13. d4 cxd4 14. Nxd4 Nxd4 15.
Bxd4 Bxd4 16. Qxd4 b5 17. cxb5 axb5 18. a5 Ne6 19. Qe3 b4 20. Nd5 Bc6 21. e5
dxe5 22. Nxe7+ Qxe7 23. Bxc6 Nd4 24. Be4 Rfc8 25. a6 Rc7 26. Rac1 Rbc8 27. a7
Rxc1 28. Rxc1 1-0

[Event "FLORIPA CHESS OPEN 2015"]
[Site "Florianopolis/SC"]
[Date "2015.01.18"]
[Round "10"]
[Board "37"]
[White "Pezzini, Leonardo Stadler"]
[Black "Calcado, Acyr Rogerio"]
[Result "0-1"]
[WhiteElo "1902"]
[BlackElo "2133"]
[PlyCount "40"]
[EventDate "2015.01.14"]
[EventRounds "10"]
[EventCountry "BRA"]

1. e4 e5 2. Nf3 Nc6 3. Bc4 Nf6 4. Nc3 Nxe4 5. Nxe4 d5 6. Bxd5 Qxd5 7. d3 Bg4 8.
h3 Bh5 9. g4 Bg6 10. Qe2 O-O-O 11. a3 Be7 12. Bd2 f5 13. gxf5 Bh5 14. Bc3 Rhf8
15. f6 Bxf6 16. h4 Be7 17. Rh3 Qd7 18. Rg3 Bxh4 19. Ned2 Bxg3 20. fxg3 Qd5 0-1

[Event "FLORIPA CHESS OPEN 2015"]
[Site "Florianopolis/SC"]
[Date "2015.01.18"]
[Round "10"]
[Board "38"]
[White "Crespo De Oliveira, Lucas"]
[Black "Bianchi, Willian Domingues"]
[Result "1-0"]
[WhiteElo "2194"]
[BlackElo "1914"]
[PlyCount "102"]
[EventDate "2015.01.14"]
[EventRounds "10"]
[EventCountry "BRA"]

1. e4 Nf6 2. e5 Nd5 3. c4 Nb6 4. d4 d6 5. exd6 cxd6 6. Be3 g6 7. Nc3 Bg7 8. Rc1
O-O 9. b3 Nc6 10. d5 Ne5 11. Be2 f5 12. Nh3 h6 13. O-O e6 14. Nf4 g5 15. Nxe6
Bxe6 16. dxe6 f4 17. Bxb6 axb6 18. Nd5 Re8 19. Bg4 Rxa2 20. Re1 Qc8 21. Bf5 Qc5
22. Rc2 Rxc2 23. Qxc2 b5 24. e7 bxc4 25. Bg6 Qxd5 26. Bxe8 Qe6 27. Rb1 Qxe7 28.
Bb5 d5 29. bxc4 Qc5 30. Qf5 dxc4 31. Qe6+ Kh7 32. Rd1 Qc7 33. Ba4 Nd3 34. Bc2
Qc5 35. Qe4+ Kg8 36. Bxd3 cxd3 37. Qxb7 d2 38. Qb3+ Kh7 39. Qd3+ Kg8 40. Qxd2
Qf5 41. Qd5+ Qxd5 42. Rxd5 Kf7 43. Rd6 Bf6 44. f3 h5 45. Kf1 Kg6 46. Ke2 Kf5
47. Kd3 g4 48. Rd5+ Be5 49. Rb5 gxf3 50. gxf3 h4 51. h3 Ke6 1-0

[Event "FLORIPA CHESS OPEN 2015"]
[Site "Florianopolis/SC"]
[Date "2015.01.18"]
[Round "10"]
[Board "39"]
[White "Cordioli, Jairo Ribeiro"]
[Black "Fonseca, Luis Ernesto Serra Az"]
[Result "1-0"]
[WhiteElo "1921"]
[BlackElo "2088"]
[PlyCount "99"]
[EventDate "2015.01.14"]
[EventRounds "10"]
[EventCountry "BRA"]

1. d4 Nf6 2. c4 e6 3. Nc3 Bb4 4. e3 O-O 5. Nf3 b6 6. Be2 Nc6 7. O-O Bxc3 8.
bxc3 Qe7 9. a4 e5 10. Ba3 d6 11. Qc2 Re8 12. Rfe1 e4 13. Nd2 Na5 14. c5 dxc5
15. dxc5 Qe5 16. cxb6 cxb6 17. c4 Nd7 18. Bb2 Qf5 19. f4 Nc5 20. Rf1 h5 21. Bd4
Bd7 22. Qd1 g6 23. h3 Qe6 24. f5 Qd6 25. Bxh5 Bxf5 26. Qe1 Nc6 27. Bc3 Qd3 28.
Bf6 Qd7 29. Qh4 Re6 30. Rxf5 Qxd2 31. Bxg6 Qxe3+ 32. Kh1 fxg6 33. Qh8+ Kf7 34.
Qg7+ Ke8 35. Qxg6+ Kd7 36. Qf7+ Kc8 37. Rd1 Qb3 38. Rfd5 Rxf6 39. Qxf6 Kb7 40.
Qf1 Re8 41. Rxc5 bxc5 42. Rb1 Qb6 43. a5 Qxb1 44. Qxb1+ Kc7 45. Kg1 e3 46. Kf1
e2+ 47. Ke1 Nd4 48. a6 Rf8 49. Qb7+ Kd6 50. Qd5+ 1-0

[Event "FLORIPA CHESS OPEN 2015"]
[Site "Florianopolis/SC"]
[Date "2015.01.18"]
[Round "10"]
[Board "40"]
[White "Massarioli, Felipe Alvarenga"]
[Black "Fuck, Vinicius Rios"]
[Result "1-0"]
[WhiteElo "2027"]
[BlackElo "1887"]
[PlyCount "69"]
[EventDate "2015.01.14"]
[EventRounds "10"]
[EventCountry "BRA"]

1. d4 Nf6 2. c4 c5 3. d5 b5 4. cxb5 a6 5. bxa6 Bxa6 6. Nc3 d6 7. e4 Bxf1 8.
Kxf1 g6 9. g3 Bg7 10. Kg2 Nbd7 11. Nf3 Ng4 12. Qe2 O-O 13. a4 Qb6 14. Ra3 Rfb8
15. Nb5 Rb7 16. b3 Qa6 17. Re1 Nge5 18. Nxe5 Nxe5 19. f4 Nd7 20. Qf3 Nb6 21. e5
dxe5 22. fxe5 c4 23. d6 exd6 24. Nxd6 Rd7 25. a5 Nc8 26. Nxc4 Rb8 27. Bf4 Rb5
28. Raa1 Re7 29. Rad1 Re8 30. Nd6 Nxd6 31. exd6 Rd8 32. d7 Qxa5 33. Re8+ Bf8
34. Rxd8 Qxd8 35. Bc7 1-0

[Event "FLORIPA CHESS OPEN 2015"]
[Site "Florianopolis/SC"]
[Date "2015.01.18"]
[Round "10"]
[Board "41"]
[White "De Carvalho, Igor Lorenzon"]
[Black "Fonseca Rodrigues, Edson"]
[Result "1-0"]
[WhiteElo "1887"]
[BlackElo "2024"]
[PlyCount "79"]
[EventDate "2015.01.14"]
[EventRounds "10"]
[EventCountry "BRA"]

1. d4 g6 2. Nf3 Bg7 3. c4 d6 4. Bf4 Nd7 5. Nc3 c5 6. d5 Ngf6 7. e4 Nh5 8. Be3
Nb6 9. h3 e5 10. Nd2 O-O 11. g3 Qe7 12. Be2 Nf6 13. g4 Ne8 14. g5 f5 15. gxf6
Qxf6 16. Qc2 a6 17. O-O-O Bd7 18. Rdg1 Nc8 19. h4 h6 20. Qd1 b5 21. Bg4 Bxg4
22. Qxg4 Ne7 23. Rh3 Qf7 24. h5 g5 25. Ne2 Nf6 26. Qg2 Nxh5 27. Bxg5 hxg5 28.
Qxg5 Nf4 29. Nxf4 exf4 30. e5 dxe5 31. Qh6 Qf6 32. Qh7+ Kf7 33. Ne4 Rh8 34.
Nxf6 Rxh7 35. Nxh7 bxc4 36. Ng5+ Kf6 37. Ne4+ Kf7 38. Rh7 Rg8 39. d6 Nd5 40. d7
 1-0

[Event "FLORIPA CHESS OPEN 2015"]
[Site "Florianopolis/SC"]
[Date "2015.01.18"]
[Round "10"]
[Board "42"]
[White "Hirota Da Silva, Nilton"]
[Black "Farah, Daniel Landshoff"]
[Result "1/2-1/2"]
[WhiteElo "2019"]
[BlackElo "1879"]
[PlyCount "80"]
[EventDate "2015.01.14"]
[EventRounds "10"]
[EventCountry "BRA"]

1. d4 d5 2. e3 c6 3. f4 f5 4. Nf3 Nf6 5. Bd3 e6 6. O-O Bd6 7. b3 Nbd7 8. Ne5
O-O 9. Nd2 Ne4 10. a4 c5 11. Bb2 b6 12. Rf3 cxd4 13. exd4 Ndf6 14. Qe2 Bb7 15.
Rff1 Rc8 16. Ndf3 Nc3 17. Qe1 Nfe4 18. Bxc3 Nxc3 19. Ng5 Qe7 20. Qh4 g6 21.
Rae1 Ne4 22. Bxe4 dxe4 23. c4 Bxe5 24. dxe5 Rcd8 25. Rd1 Rd3 26. Rxd3 exd3 27.
Rd1 Rd8 28. Qh3 d2 29. Qe3 h6 30. Nf3 Bxf3 31. gxf3 Qa3 32. Kf2 Qb2 33. Ke2 Qc2
34. Rxd2 Rxd2+ 35. Qxd2 Qxb3 36. Qd8+ Kh7 37. Qe7+ Kh8 38. Qf6+ Kh7 39. Qe7+
Kh8 40. Qf6+ Kh7 1/2-1/2

[Event "FLORIPA CHESS OPEN 2015"]
[Site "Florianopolis/SC"]
[Date "2015.01.18"]
[Round "10"]
[Board "43"]
[White "Almeida, Tiago De"]
[Black "Dull, Amanda Paul"]
[Result "1-0"]
[WhiteElo "2019"]
[BlackElo "1867"]
[PlyCount "89"]
[EventDate "2015.01.14"]
[EventRounds "10"]
[EventCountry "BRA"]

1. e4 Nc6 2. Nc3 Nf6 3. d4 d5 4. e5 Ne4 5. Nxe4 dxe4 6. Bb5 Bd7 7. Ne2 Nxe5 8.
Bxd7+ Nxd7 9. Nc3 f5 10. g4 e6 11. Rg1 Qh4 12. Bf4 c6 13. Qd2 Be7 14. gxf5 exf5
15. Rxg7 O-O-O 16. O-O-O Qf6 17. Rg2 Qf7 18. Kb1 Nb6 19. Be5 Rhg8 20. Rdg1 Bb4
21. Rg7 Qe6 22. Rc7+ Kb8 23. Rxg8 Rxg8 24. Re7+ Qxe5 25. Rxe5 Rg1+ 26. Qd1
Rxd1+ 27. Nxd1 Bd6 28. Rxf5 Bxh2 29. Rh5 Bd6 30. Rxh7 Nc4 31. Ne3 Nd2+ 32. Kc1
Nf3 33. c3 Ne1 34. Kd1 Nd3 35. Ke2 Nxb2 36. Rh4 Nd3 37. Rxe4 Nc1+ 38. Kd2 Nxa2
39. Kc2 Nxc3 40. Kxc3 a5 41. f4 b5 42. f5 a4 43. f6 b4+ 44. Kb2 Kc7 45. f7 1-0

[Event "FLORIPA CHESS OPEN 2015"]
[Site "Florianopolis/SC"]
[Date "2015.01.18"]
[Round "10"]
[Board "44"]
[White "Souza, Gustavo Horokoski De"]
[Black "Martins, Anderson Donay"]
[Result "0-1"]
[WhiteElo "1903"]
[BlackElo "2000"]
[PlyCount "94"]
[EventDate "2015.01.14"]
[EventRounds "10"]
[EventCountry "BRA"]

1. e4 c5 2. Nf3 e6 3. c3 d5 4. exd5 Qxd5 5. Bb5+ Bd7 6. Bxd7+ Nxd7 7. d4 Ngf6
8. O-O Bd6 9. dxc5 Bxc5 10. Bf4 Qxd1 11. Rxd1 Ne4 12. Bg3 Nxg3 13. hxg3 O-O-O
14. Nbd2 Nf6 15. Nb3 Bb6 16. c4 h6 17. Ne5 Rhf8 18. Rxd8+ Bxd8 19. Rd1 Bc7 20.
Nf3 Rd8 21. Rxd8+ Kxd8 22. Nbd4 Kd7 23. Nb5 Bb8 24. b4 Ne4 25. Kf1 a6 26. Nbd4
Kd6 27. a3 Ba7 28. Ke2 g6 29. Ke3 Nf6 30. c5+ Kd5 31. Nb3 b6 32. c6 Bb8 33. b5
axb5 34. Nbd4 Ng4+ 35. Ke2 Kc5 36. Nc2 Kxc6 37. Nd2 Bd6 38. f3 Ne5 39. Ne4 Bc5
40. Nb4+ Kd7 41. Nf6+ Ke7 42. Ng8+ Kf8 43. Nxh6 Bxb4 44. axb4 f5 45. g4 Nc6 46.
gxf5 exf5 47. g4 Kg7 0-1

[Event "FLORIPA CHESS OPEN 2015"]
[Site "Florianopolis/SC"]
[Date "2015.01.18"]
[Round "10"]
[Board "45"]
[White "Da Silva, Jefferson Rian Ferre"]
[Black "De Borba, Guilherme"]
[Result "1/2-1/2"]
[WhiteElo "2000"]
[BlackElo "1845"]
[PlyCount "40"]
[EventDate "2015.01.14"]
[EventRounds "10"]
[EventCountry "BRA"]

1. e4 c5 2. Nf3 d6 3. d4 cxd4 4. Nxd4 Nf6 5. Nc3 a6 6. Bg5 Nbd7 7. Be2 h6 8.
Bh4 g5 9. Bg3 Ne5 10. Bxe5 dxe5 11. Nf3 Qa5 12. O-O Be6 13. Ne1 Bg7 14. Nd3 O-O
15. Qe1 Nd7 16. Nd5 Qd8 17. Ne3 Rc8 18. a4 Qc7 19. Ra3 Qc6 20. Nb4 Qb6 1/2-1/2